000 00673nam a22002657a 4500
008 130513b xxu||||| |||| 00| 0 eng d
020 _a81-219-2130-9
024 _cavailable
037 _cavailable
040 _aMBSTU Library
_dMBSTU Library
082 _222
_a428 SIA
100 _aSingh, Meena
110 _aSingh, O P
245 _aArt of effective english writing
250 _a 1st edition
260 _a
_b
_c2002
300 _a17 cm.
_b258 page
_f1
_g17 cm.
600 _aEnglish Litarature, Writing
700 _aSingh, Meena
710 _aSingh, O P
270 _a
_b
_d
365 _b139.00
_d139.00
942 _2ddc
_cBK
999 _c361
_d361